| 000 | 00817cab a2200253 4500 | ||
|---|---|---|---|
| 001 | ABS53352 | ||
| 008 | 090401t1995 xxu||||| |||| 00| 0 eng d | ||
| 035 | _a(Sirsi) u94162 | ||
| 041 | _aeng | ||
| 100 | _aJansen, C.E.C. | ||
| 245 | _aUnification of liabilities in the European construction industry | ||
| 260 | _c1995 | ||
| 350 | _a0 | ||
| 490 |
_aInternational Construction Law Review _v12(3) July 1995, 440-450(11) |
||
| 520 | _aExamines attempts to unify national liability laws for construction within the Community and suggests the inadequacy of the EC`s policy. | ||
| 650 | _aCONSTRUCTION INDUSTRY | ||
| 650 | _aEC LAW | ||
| 650 | _aNATIONAL LAW | ||
| 650 | _aUNIFICATION OF LIABILITIES | ||
| 690 | _aBUILT ENVIRONMENT | ||
| 690 | _aEUROPE-SINGLE MARKET | ||
| 942 | _n0 | ||
| 948 | _c04/03/1997 | ||
| 999 |
_c59571 _d59571 |
||